Skills for success : (Record no. 7481)
[ view plain ]
| 000 -LEADER | |
|---|---|
| fixed length control field | 00673nam a22002052 4500 |
| 001 - CONTROL NUMBER | |
| control field | 0000007293 |
| 005 - DATE AND TIME OF LATEST TRANSACTION | |
| control field | 20151217152028.0 |
| 008 - FIXED-LENGTH DATA ELEMENTS--GENERAL INFORMATION | |
| fixed length control field | 071221s xx 000 0 eng d |
| 020 ## - INTERNATIONAL STANDARD BOOK NUMBER | |
| International Standard Book Number | 1403911320 : |
| Terms of availability | KES 1462.50 |
| 040 ## - CATALOGING SOURCE | |
| Original cataloging agency | KABU |
| Transcribing agency | KABU |
| 100 1# - MAIN ENTRY--PERSONAL NAME | |
| Personal name | Cottrell, Stella. |
| -- | 0000158192 |
| 245 10 - TITLE STATEMENT | |
| Title | Skills for success : |
| Remainder of title | the personal development planning handbook / |
| Statement of responsibility, etc. | Stella Cottrell. |
| 260 ## - PUBLICATION, DISTRIBUTION, ETC. (IMPRINT) | |
| Place of publication, distribution, etc. | Basingstoke, England : |
| Name of publisher, distributor, etc. | Palgrave Macmillan, |
| Date of publication, distribution, etc. | 2003. |
| 300 ## - PHYSICAL DESCRIPTION | |
| Extent | xv, 296 p. |
| 650 #0 - SUBJECT ADDED ENTRY--TOPICAL TERM | |
| Topical term or geographic name as entry element | Vocational guidance. |
| -- | 0000157388 |
| 908 ## - PUT COMMAND PARAMETER (RLIN) | |
| Put command parameter | 071221 |
| 950 ## - LOCAL HOLDINGS (RLIN) | |
| -- | 1 |
| Withdrawn status | Lost status | Source of classification or shelving scheme | Not for loan | Home library | Current library | Date acquired | Total Checkouts | Full call number | Barcode | Date last seen | Date last checked out | Price effective from | Koha item type |
|---|---|---|---|---|---|---|---|---|---|---|---|---|---|
| Library of Congress Classification | Kabarak, Main Campus | Kabarak, Main Campus | 17/12/2015 | 1 | HF5381 .C68 | 011128 | 18/05/2017 | 15/07/2016 | 17/12/2015 | General Collection | |||
| Library of Congress Classification | Kabarak, Main Campus | Kabarak, Main Campus | 17/12/2015 | 1 | HF5381 .C68 | 011129 | 18/05/2017 | 15/07/2016 | 17/12/2015 | General Collection |